000 00491nam a22001817a 4500
005 20251108164022.0
008 250721s1993 xx 000 0 ara d
082 1 4 _a142.7/محم
100 1 _aرجب، محمود
245 1 0 _aالإغتراب :
_bسيرة مصطلح /
250 _aط4
264 1 _aالقاهرة :
_bدار المعارف،
_c1993.
300 _a185ص
650 1 7 _aالفلسفة النقدية
650 1 7 _aالوجودية
942 _2ddc
_cBK
999 _c1560
_d1560